000 00942nam a2200361 a 4500
003 AR-BaBNM
005 20251128203945.0
008 082120s2002 ||||||||||||||000 | spa||
020 _a84-7046-245-8
040 _cAR-BaBNM
100 1 _aChicharro, Dámaso
245 0 0 _aTeatro y poesía en el Romanticismo
260 _aBogotá
_bCincel-Kapelusz
_c1992
300 _a88 p.
490 0 _aCuadernos de estudio. Literatura
500 _aContiene índice de las materias
504 _aBibliografía
600 0 4 _aRivas
600 1 4 _aEspronceda, José De
650 4 _aPOETAS
650 4 _aLITERATURA ESPAÑOLA
650 4 _aROMANTICISMO
650 4 _aPOESIA
650 4 _aCULTURA
650 4 _aHUMANIDADES
650 4 _aCRITICA LITERARIA
655 _aLITERATURA
700 1 _aLópez, Julio
800 1 _aMarín, Marcos F.
_ecoordinador
800 1 _aBasanta, Angel
_ecoordinador
942 _cBK
998 _cCarmen
999 _c5608
_d5608